00688 2200265 4500001002100000005001700021008004100038020001800079035002400097082001200121090001900133100001600152245004800168260002700216300003000243500002700273650003400300850001300334980001500347985000600362986000900368999001500377999001500392999001500407YOGYA-0209000007304620090227093705.0 ind  a979-731-470-7 0010-020900000073046 a005.118 a005.118bAbd P aABDUL KADIR aPanduan pemrograman visual C++cAbdul Kadir aYogyakartabAndic2004 axxi, 923 hlmbilusc23 cm aBibliografi : hlm. 923 aVisual C++ (Program Komputer) aYOPDYOGb a14-10-2008 a3 adian a08B0043990 a08B0043991 a08B0043992